000 00268nam a2200109Ia 4500
008 220204s9999 xx 000 0 und d
082 _a82-3MB
_bSUM
100 _aSummers, Essie
245 0 _aBeyond the foothills
260 _aLondon
_bMills and Boon
_c1976
942 _cBK
999 _c33193
_d33193